[Event "Rio de Janeiro CXG 1st"]
[Site "Rio de Janeiro"]
[Date "2016.02.27"]
[Round "2.4"]
[White "Siqueira, Allan de Sousa"]
[Black "Maia, Marco Aurelio Ferre"]
[Result "0-1"]
[WhiteElo "1887"]
[BlackElo "2092"]
[PlyCount "58"]
[EventDate "2016.02.27"]
[EventType "swiss"]
[EventRounds "6"]
[EventCountry "BRA"]
[SourceTitle "EXT 2022"]
[Source "ChessBase"]
[SourceDate "2021.10.06"]
[SourceVersion "1"]
[SourceVersionDate "2021.10.06"]
[SourceQuality "1"]

1. d4 d6 2. e4 Nf6 3. Nc3 c6 4. Nf3 Bg4 5. Be2 e6 6. 0-0 Be7 7. Be3 0-0 8. Nd2 Bxe2 9. Qxe2 d5 10. e5 Nfd7 11. Qg4 Kh8 12. f4 g6 13. Rf3 c5 14. dxc5 Nxc5 15. Ne2 Nc6 16. Nd4 Rc8 17. a3 Nxd4 18. Bxd4 Ne4 19. Rd1 Rxc2 20. Nxe4 dxe4 21. Re3 Qc7 22. Rxe4 Qc6 23. Re3 Bc5 24. Red3 Rd8 25. Bxc5 Qxc5+ 26. Kh1 Rxd3 27. Rxd3 Rc1+ 28. Rd1 Qc2 29. Rg1 Qb1 0-1

[Event "Guanabara III IRT 201"]
[Site "Guanabara"]
[Date "2014.07.19"]
[Round "4.5"]
[White "Siqueira, Allan de Sousa"]
[Black "Almeida, Gianluca Jorio"]
[Result "1/2-1/2"]
[WhiteElo "1922"]
[BlackElo "1727"]
[PlyCount "84"]
[EventDate "2014.07.05"]
[EventType "swiss"]
[EventRounds "6"]
[EventCountry "BRA"]
[SourceTitle "EXT 2022"]
[Source "ChessBase"]
[SourceDate "2021.10.06"]
[SourceVersion "1"]
[SourceVersionDate "2021.10.06"]
[SourceQuality "1"]

1. d4 g6 2. c4 Bg7 3. e4 d6 4. h3 Nc6 5. Nf3 e5 6. dxe5 Nxe5 7. Nxe5 Bxe5 8. Bd3 Bg7 9. 0-0 Nf6 10. Nc3 0-0 11. Bg5 Qe8 12. Qc2 Bd7 13. Rad1 Bc6 14. Nd5 Bxd5 15. exd5 Qd7 16. Rfe1 Rae8 17. b3 Qc8 18. Kh1 Kh8 19. f4 Rxe1+ 20. Rxe1 Re8 21. Rxe8+ Qxe8 22. Qe2 Qxe2 23. Bxe2 Ne4 24. Bh4 Nc3 25. Bf3 f6 26. a4 Kg8 27. Be1 Na2 28. Bd2 f5 29. Kg1 Bd4+ 30. Kf1 Nc3 31. Ke1 Kf7 32. g4 Kf6 33. Bc1 Na2 34. Bd2 b6 35. Ke2 Ke7 36. Kd3 Bf6 37. Bd1 a5 38. Bc2 fxg4 39. hxg4 Nb4+ 40. Bxb4 axb4 41. g5 Bc3 42. Ke3 Kf7 1/2-1/2

[Event "Guanabara III IRT 201"]
[Site "Guanabara"]
[Date "2014.07.12"]
[Round "2.6"]
[White "Da Silva, Claudio Oliveira"]
[Black "Siqueira, Allan de Sousa"]
[Result "1/2-1/2"]
[WhiteElo "1799"]
[BlackElo "1922"]
[PlyCount "120"]
[EventDate "2014.07.05"]
[EventType "swiss"]
[EventRounds "6"]
[EventCountry "BRA"]
[SourceTitle "EXT 2022"]
[Source "ChessBase"]
[SourceDate "2021.10.06"]
[SourceVersion "1"]
[SourceVersionDate "2021.10.06"]
[SourceQuality "1"]

1. d4 Nf6 2. c4 e6 3. Nc3 Bb4 4. Bd2 0-0 5. Nf3 b6 6. g3 Bb7 7. Bg2 d5 8. cxd5 Bxc3 9. Bxc3 Bxd5 10. 0-0 Nbd7 11. Bb4 Re8 12. a4 a5 13. Ba3 Qc8 14. Rc1 Qb7 15. Qd3 Rec8 16. Be7 Be4 17. Qd2 Nd5 18. Ba3 h6 19. Ne1 Bxg2 20. Nxg2 N7f6 21. Qd3 Nb4 22. Bxb4 axb4 23. Qb5 Qe4 24. e3 Ra5 25. f3 Qa8 26. Qxb4 Rxa4 27. Qb5 Qa5 28. Qd3 Qb4 29. Rf2 c5 30. dxc5 bxc5 31. Rfc2 c4 32. Qd4 Qb3 33. Qc3 Qxc3 34. Rxc3 Nd5 35. R3c2 Rb4 36. e4 Nb6 37. Ne3 Kf8 38. Kf2 Ke7 39. Rd1 Na4 40. Rdd2 c3 41. bxc3 Rxc3 42. Rxc3 Nxc3 43. Rc2 Nb5 44. Rd2 f6 45. Nc2 Rb2 46. Ke3 Rb3+ 47. Rd3 Rxd3+ 48. Kxd3 e5 49. Kc4 Nc7 50. Ne3 Ne6 51. h4 Nd4 52. Nf5+ Nxf5 53. exf5 Kd6 54. h5 Kc6 55. Kd3 Kc5 56. Kc3 Kd5 57. Kd3 Kc5 58. Ke4 Kc4 59. Ke3 Kd5 60. Kd3 Kc5 1/2-1/2

[Event "Rio de Janeiro Autumn op"]
[Site "Rio de Janeiro"]
[Date "2014.06.08"]
[Round "6"]
[White "Siqueira, Allan de Sousa"]
[Black "Bottari, Raimondo"]
[Result "1/2-1/2"]
[WhiteElo "1907"]
[BlackElo "2163"]
[PlyCount "36"]
[EventDate "2014.05.30"]
[EventType "swiss"]
[EventRounds "6"]
[EventCountry "BRA"]
[SourceTitle "EXT 2017"]
[Source "ChessBase"]
[SourceDate "2016.10.25"]
[SourceVersion "1"]
[SourceVersionDate "2016.10.25"]
[SourceQuality "1"]

1. d4 Nf6 2. c4 g6 3. Nc3 Bg7 4. e4 d6 5. h3 0-0 6. Nf3 c5 7. Be3 cxd4 8. Nxd4 b6 9. Qd2 Bb7 10. f3 Nh5 11. g4 Ng3 12. Rg1 Nxf1 13. Rxf1 Nc6 14. 0-0-0 a6 15. Nxc6 Bxc6 16. Bh6 Bxh6 17. Qxh6 Qe8 18. Nd5 Bxd5 1/2-1/2

[Event "Rio de Janeiro Autumn"]
[Site "Rio de Janeiro"]
[Date "2012.04.21"]
[Round "5"]
[White "Ferreira, Kleber Victor"]
[Black "Siqueira, Allan de Sousa"]
[Result "1-0"]
[WhiteElo "2113"]
[BlackElo "1918"]
[PlyCount "53"]
[EventDate "2012.04.14"]
[EventType "tourn"]
[EventRounds "7"]
[EventCountry "BRA"]
[SourceTitle "EXT 2013"]
[Source "ChessBase"]
[SourceDate "2012.11.22"]
[SourceVersion "1"]
[SourceVersionDate "2012.11.22"]
[SourceQuality "1"]

1. e4 g6 2. Nc3 Bg7 3. f4 d6 4. Nf3 c6 5. Bc4 Nf6 6. e5 dxe5 7. fxe5 Nd5 8. 0-0 0-0 9. d4 Be6 10. Bb3 Nd7 11. Qe1 Nxc3 12. Bxe6 fxe6 13. bxc3 Rf7 14. Ng5 Rxf1+ 15. Qxf1 Nf8 16. Qf7+ Kh8 17. Ba3 Qd7 18. Rf1 Re8 19. Qf4 h6 20. Nf7+ Kh7 21. Bc1 g5 22. Nxg5+ hxg5 23. Qxg5 Kg8 24. Qg4 Kh8 25. Rf7 Ng6 26. Qh5+ Kg8 27. Qxg6 1-0

[Event "Rio de Janeiro Autumn"]
[Site "Rio de Janeiro"]
[Date "2012.04.14"]
[Round "1"]
[White "Siqueira, Allan de Sousa"]
[Black "Baeta, Marcio Netto"]
[Result "1/2-1/2"]
[WhiteElo "1918"]
[BlackElo "2154"]
[PlyCount "96"]
[EventDate "2012.04.14"]
[EventType "tourn"]
[EventRounds "7"]
[EventCountry "BRA"]
[SourceTitle "EXT 2013"]
[Source "ChessBase"]
[SourceDate "2012.11.22"]
[SourceVersion "1"]
[SourceVersionDate "2012.11.22"]
[SourceQuality "1"]

1. d4 Nf6 2. c4 c5 3. Nf3 cxd4 4. Nxd4 Nc6 5. Nc3 Qb6 6. e3 g6 7. Be2 Bg7 8. 0-0 0-0 9. Na4 Qd8 10. Qc2 Nxd4 11. exd4 d5 12. Be3 dxc4 13. Bxc4 Nd5 14. Bxd5 Qxd5 15. Nc3 Qc4 16. b3 Qc6 17. Rac1 Bf5 18. Qe2 Rac8 19. Na4 Qd6 20. h3 Bxd4 21. Bxd4 Qxd4 22. Qxe7 b5 23. Nc5 a5 24. Rfd1 Qb4 25. Qd6 h5 26. Nb7 Ra8 27. Qxb4 axb4 28. Rd2 Ra6 29. Nd6 Rd8 30. Rcd1 Bb1 31. Rxb1 Raxd6 32. Rxd6 Rxd6 33. Rb2 Rd1+ 34. Kh2 Rd5 35. g4 h4 36. Re2 f5 37. f3 g5 38. gxf5 Kf7 39. Re4 Rd2+ 40. Kg1 Kf6 41. Rxb4 Rxa2 42. Rxb5 Rb2 43. Kf1 Rh2 44. Rc5 Rxh3 45. Kg2 Rg3+ 46. Kf2 g4 47. fxg4 Rxg4 48. Rc4 Kxf5 1/2-1/2

[Event "Rio de Janeiro IRT de Inverno"]
[Site "Rio de Janeiro"]
[Date "2010.06.11"]
[Round "5.4"]
[White "Siqueira, Allan de Sousa"]
[Black "Mascarenhas, Alberto Pinheiro"]
[Result "0-1"]
[WhiteElo "1964"]
[BlackElo "2219"]
[PlyCount "88"]
[EventDate "2010.06.09"]
[EventType "swiss"]
[EventRounds "6"]
[EventCountry "BRA"]
[SourceTitle "EXT 2022"]
[Source "ChessBase"]
[SourceDate "2021.10.06"]
[SourceVersion "1"]
[SourceVersionDate "2021.10.06"]
[SourceQuality "1"]

1. d4 Nf6 2. c4 c5 3. Nf3 e6 4. Bg5 Be7 5. e3 0-0 6. Bd3 h6 7. Bh4 d5 8. 0-0 Nc6 9. dxc5 Bxc5 10. cxd5 exd5 11. Qc2 Be7 12. a3 Bg4 13. Nbd2 Rc8 14. Qa4 Be6 15. Rac1 Qb6 16. Qb5 Qxb5 17. Bxb5 g5 18. Bg3 Ne4 19. Nxe4 dxe4 20. Ne5 Nxe5 21. Bxe5 a6 22. Be2 Rfd8 23. Rxc8 Rxc8 24. Bc3 Bxa3 25. Rd1 Be7 26. Kf1 Rd8 27. Ke1 Rxd1+ 28. Kxd1 f5 29. g3 Kf8 30. Kd2 Ke8 31. Bg7 Bf8 32. Bxf8 Kxf8 33. Kc3 Ke7 34. Kd4 Kd6 35. Bh5 g4 36. Be8 a5 37. Bb5 b6 38. Ba4 Bd5 39. Bd7 Kxd7 40. Kxd5 a4 41. Ke5 Kc6 42. Kd4 b5 43. Kc3 Kc5 44. Kd2 Kc4 0-1

[Event "Rio de Janeiro IRT de Inverno"]
[Site "Rio de Janeiro"]
[Date "2010.06.09"]
[Round "2.4"]
[White "Rodrigues, Nei Jorge"]
[Black "Siqueira, Allan de Sousa"]
[Result "1-0"]
[WhiteElo "2064"]
[BlackElo "1964"]
[PlyCount "57"]
[EventDate "2010.06.09"]
[EventType "swiss"]
[EventRounds "6"]
[EventCountry "BRA"]
[SourceTitle "EXT 2022"]
[Source "ChessBase"]
[SourceDate "2021.10.06"]
[SourceVersion "1"]
[SourceVersionDate "2021.10.06"]
[SourceQuality "1"]

1. c4 e5 2. Nc3 Nf6 3. Nf3 d6 4. g3 Be6 5. d3 Be7 6. Bg2 c6 7. 0-0 0-0 8. a3 Nfd7 9. b4 f5 10. Rb1 Bf6 11. Qc2 e4 12. dxe4 Bxc3 13. Qxc3 fxe4 14. Ng5 Bg4 15. Bxe4 Nf6 16. Bb2 Qe7 17. Bg2 h6 18. Nh3 Bxh3 19. Bxh3 Qxe2 20. Rbe1 Qh5 21. Kg2 Re8 22. Rxe8+ Qxe8 23. Re1 Qf8 24. Re6 Nbd7 25. Qd4 d5 26. cxd5 cxd5 27. Qe3 b6 28. Re7 Rd8 29. Bxf6 1-0

[Event "Rio de Janeiro Maravilhosa op"]
[Site "Rio de Janeiro"]
[Date "2010.05.08"]
[Round "4"]
[White "Rabello, David Sousa"]
[Black "Siqueira, Allan de Sousa"]
[Result "1-0"]
[WhiteElo "1952"]
[BlackElo "1964"]
[PlyCount "39"]
[EventDate "2010.04.10"]
[EventType "swiss"]
[EventRounds "7"]
[EventCountry "BRA"]
[SourceTitle "EXT 2012"]
[Source "ChessBase"]
[SourceDate "2011.11.24"]
[SourceVersion "1"]
[SourceVersionDate "2011.11.24"]
[SourceQuality "1"]

1. e4 e5 2. Bc4 Nf6 3. Nf3 Nc6 4. Ng5 d5 5. exd5 Na5 6. Bb5+ Bd7 7. Qe2 Nxd5 8. Qxe5+ Qe7 9. Qxe7+ Bxe7 10. Bxd7+ Kxd7 11. Nxf7 Rhf8 12. Ne5+ Kd6 13. d4 Nb4 14. Na3 a6 15. 0-0 Rae8 16. Bd2 Nac6 17. f4 b5 18. c3 Nd5 19. c4 bxc4 20. Naxc4+ 1-0

[Event "Rio de Janeiro Maravilhosa op"]
[Site "Rio de Janeiro"]
[Date "2010.04.24"]
[Round "3"]
[White "Siqueira, Allan de Sousa"]
[Black "Yunes, David Teles"]
[Result "1-0"]
[WhiteElo "1964"]
[BlackElo "1866"]
[PlyCount "79"]
[EventDate "2010.04.10"]
[EventType "swiss"]
[EventRounds "7"]
[EventCountry "BRA"]
[SourceTitle "EXT 2012"]
[Source "ChessBase"]
[SourceDate "2011.11.24"]
[SourceVersion "1"]
[SourceVersionDate "2011.11.24"]
[SourceQuality "1"]

1. d4 Nf6 2. c4 g6 3. Nc3 d5 4. cxd5 Nxd5 5. e4 Nxc3 6. bxc3 Bg7 7. Nf3 0-0 8. Bc4 c5 9. Be3 Nc6 10. 0-0 Qc7 11. Bb3 Rd8 12. Ng5 e6 13. Nf3 Na5 14. e5 b6 15. Qe2 Bb7 16. Rac1 a6 17. Bc2 b5 18. Rfd1 Nc4 19. Bg5 Rd7 20. Bb3 Bd5 21. Nd2 Nxd2 22. Bxd5 Rxd5 23. Bxd2 Rad8 24. Bg5 R8d7 25. Be3 Qb7 26. h4 Qb8 27. h5 Qd8 28. hxg6 hxg6 29. Re1 Qh4 30. a4 f5 31. g3 Qh3 32. axb5 axb5 33. Rb1 c4 34. Ra1 Bh6 35. Ra8+ Kg7 36. Bxh6+ Qxh6 37. Kg2 f4 38. Rh1 Rf7 39. Rxh6 f3+ 40. Qxf3 1-0

[Event "Rio de Janeiro Brazil op"]
[Site "Rio de Janeiro"]
[Date "2010.02.21"]
[Round "5"]
[White "Siqueira, Allan de Sousa"]
[Black "Gomez, Gustavo Pizzocaro"]
[Result "0-1"]
[WhiteElo "1966"]
[BlackElo "2128"]
[PlyCount "97"]
[EventDate "2010.02.19"]
[EventType "swiss"]
[EventRounds "6"]
[EventCountry "BRA"]
[SourceTitle "CBM 134 Extra"]
[Source "ChessBase"]
[SourceDate "2010.03.03"]
[SourceVersion "1"]
[SourceVersionDate "2010.03.03"]
[SourceQuality "1"]

1. d4 Nf6 2. c4 e6 3. Nc3 d5 4. Bg5 Be7 5. e3 Nbd7 6. Nf3 c6 7. Bxf6 Nxf6 8. c5 0-0 9. Bd3 Nd7 10. Nd2 e5 11. dxe5 Nxc5 12. Bc2 g6 13. 0-0 f6 14. exf6 Bxf6 15. Nb3 Ne6 16. Qe1 Bg7 17. Rd1 Qf6 18. f4 Nc7 19. Nd4 Bg4 20. Rd2 Rae8 21. h3 Bd7 22. f5 Qg5 23. fxg6 Rxf1+ 24. Qxf1 Qxe3+ 25. Qf2 Qxf2+ 26. Kxf2 h6 27. Nf5 Bxf5 28. Bxf5 Bf6 29. Ne2 Nb5 30. g4 Nd6 31. Nd4 Re5 32. Nf3 Rxf5 33. gxf5 Ne4+ 34. Ke2 Nxd2 35. Kxd2 Bxb2 36. Nh2 h5 37. Nf1 Be5 38. Kd3 Kg7 39. Ne3 Kf6 40. a4 b6 41. Ke2 a6 42. Kd3 b5 43. axb5 axb5 44. Nc2 c5 45. Ne3 c4+ 46. Ke2 d4 47. Nd5+ Kxf5 48. Ne7+ Kf6 49. Nc6 0-1

[Event "Rio de Janeiro Ferreira Memorial"]
[Site "Rio de Janeiro"]
[Date "2009.12.05"]
[Round "4"]
[White "Ferreira, Jose Carlos"]
[Black "Siqueira, Allan de Sousa"]
[Result "1/2-1/2"]
[WhiteElo "1980"]
[BlackElo "1948"]
[PlyCount "28"]
[EventDate "2009.11.14"]
[EventType "swiss"]
[EventRounds "6"]
[EventCountry "BRA"]
[SourceTitle "EXT 2011"]
[Source "ChessBase"]
[SourceDate "2010.11.26"]
[SourceVersion "1"]
[SourceVersionDate "2010.11.26"]
[SourceQuality "1"]

1. c4 e5 2. d3 Bb4+ 3. Bd2 Bxd2+ 4. Qxd2 Nf6 5. Nc3 d5 6. cxd5 Nxd5 7. Nf3 Nc6 8. g3 0-0 9. Bg2 Be6 10. 0-0 f6 11. Ne1 Qd7 12. Nc2 Nd4 13. Nxd5 Bxd5 14. Bxd5+ Qxd5 1/2-1/2

[Event "Rio de Janeiro Ferreira Memorial"]
[Site "Rio de Janeiro"]
[Date "2009.11.21"]
[Round "2"]
[White "Siqueira, Allan de Sousa"]
[Black "Chaves, Jorge Antonio Torre"]
[Result "1-0"]
[WhiteElo "1948"]
[BlackElo "2056"]
[PlyCount "83"]
[EventDate "2009.11.14"]
[EventType "swiss"]
[EventRounds "6"]
[EventCountry "BRA"]
[SourceTitle "EXT 2011"]
[Source "ChessBase"]
[SourceDate "2010.11.26"]
[SourceVersion "1"]
[SourceVersionDate "2010.11.26"]
[SourceQuality "1"]

1. d4 Nf6 2. c4 g6 3. Nc3 Bg7 4. e4 d6 5. h3 0-0 6. Nf3 Nbd7 7. Be3 e5 8. Be2 Nh5 9. Qd2 f5 10. exf5 gxf5 11. Ng5 Qe8 12. dxe5 Nxe5 13. Bxh5 Qxh5 14. f4 Nc6 15. Nb5 Bd7 16. Nxc7 Rae8 17. Nxe8 Rxe8 18. Qd5+ Kf8 19. Qxd6+ Re7 20. 0-0 h6 21. Nf3 Kg8 22. Bxa7 Bf8 23. Bc5 Re8 24. Qxd7 Bxc5+ 25. Kh1 Bf8 26. Rae1 Rd8 27. Qxb7 Nb4 28. Qb6 Ra8 29. Qe6+ Kh8 30. a3 Ra6 31. Qe5+ Kh7 32. axb4 Rg6 33. Qe8 Bg7 34. Ne5 Bxe5 35. Rxe5 Qh4 36. Rd1 Rg7 37. Rd8 Qxf4 38. Qh8+ Kg6 39. Re6+ Kh5 40. Qxg7 Qc1+ 41. Kh2 Qf4+ 42. Qg3 1-0

[Event "Rio de Janeiro CXG op 3rd"]
[Site "Rio de Janeiro"]
[Date "2009.10.31"]
[Round "7.6"]
[White "Siqueira, Allan de Sousa"]
[Black "Santos Filho, Tadeu Souza"]
[Result "0-1"]
[WhiteElo "1948"]
[BlackElo "2116"]
[PlyCount "62"]
[EventDate "2009.09.19"]
[EventType "swiss"]
[EventRounds "7"]
[EventCountry "BRA"]
[SourceTitle "EXT 2022"]
[Source "ChessBase"]
[SourceDate "2021.10.06"]
[SourceVersion "1"]
[SourceVersionDate "2021.10.06"]
[SourceQuality "1"]

1. d4 Nf6 2. c4 d6 3. Nc3 g6 4. e4 Bg7 5. h3 Na6 6. Nf3 0-0 7. Bd3 e5 8. Bg5 h6 9. Be3 exd4 10. Bxd4 Nc5 11. Bxc5 dxc5 12. 0-0 Be6 13. Qc2 Nh5 14. Nd5 c6 15. Ne3 Nf4 16. Rad1 Qf6 17. e5 Nxh3+ 18. Kh1 Qf4 19. Be2 Nxf2+ 20. Rxf2 Qxe3 21. Rdf1 Rad8 22. Bd1 Bf5 23. Qe2 Qxe2 24. Bxe2 Rfe8 25. Nh4 Be6 26. Nf3 Bg4 27. Nh2 Bxe2 28. Rxe2 Rxe5 29. Rxe5 Bxe5 30. Ng4 Bg7 31. Re1 f5 0-1

[Event "Rio de Janeiro CXG op 3rd"]
[Site "Rio de Janeiro"]
[Date "2009.09.19"]
[Round "1.6"]
[White "Siqueira, Allan de Sousa"]
[Black "Ramos, Angelo Bil"]
[Result "0-1"]
[WhiteElo "1948"]
[BlackElo "2124"]
[PlyCount "128"]
[EventDate "2009.09.19"]
[EventType "swiss"]
[EventRounds "7"]
[EventCountry "BRA"]
[SourceTitle "EXT 2022"]
[Source "ChessBase"]
[SourceDate "2021.10.06"]
[SourceVersion "1"]
[SourceVersionDate "2021.10.06"]
[SourceQuality "1"]

1. Nf3 Nf6 2. c4 g6 3. b3 Bg7 4. Bb2 0-0 5. e3 c6 6. d4 d5 7. Bd3 Nbd7 8. 0-0 Ne4 9. cxd5 cxd5 10. Qc2 Ndf6 11. Nbd2 Bf5 12. Rac1 Rc8 13. Qb1 Qa5 14. Bxe4 Nxe4 15. Nxe4 Bxe4 16. Qa1 Bc2 17. Ne1 Bf5 18. Nf3 Rfd8 19. h3 f6 20. Rc3 Rxc3 21. Bxc3 Qb5 22. Qb2 Rc8 23. Rc1 a6 24. Bd2 Qd7 25. Bb4 Kf7 26. Rxc8 Qxc8 27. Qa3 Qc7 28. Qa5 Qxa5 29. Bxa5 Bd3 30. Ne1 Bb1 31. a3 Ba2 32. b4 Bc4 33. f3 e5 34. Bb6 Ke6 35. e4 Bh6 36. dxe5 fxe5 37. exd5+ Kxd5 38. Nc2 Bb3 39. Be3 Bf8 40. Ne1 Kc4 41. Kf2 Bd1 42. Bc1 Kc3 43. g4 Bd6 44. Ke3 Bc7 45. Ke4 Ba4 46. h4 Bc6+ 47. Ke3 Bd8 48. g5 Bb6+ 49. Ke2 Bb5+ 50. Kd1 Bf2 51. Ng2 Kd3 52. Bb2 Bc6 53. Ne1+ Ke3 54. Bc1+ Kd4 55. f4 e4 56. Nc2+ Kc3 57. Bd2+ Kd3 58. Be1 Bb6 59. h5 Ba4 60. Bg3 Bxc2+ 61. Ke1 Bd4 62. f5 gxf5 63. g6 hxg6 64. hxg6 Bb3 0-1

[Event "Rio de Janeiro CXG op 05"]
[Site "Rio de Janeiro"]
[Date "2009.05.09"]
[Round "1"]
[White "Ramos, Angelo Bil"]
[Black "Siqueira, Allan de Sousa"]
[Result "1-0"]
[WhiteElo "2203"]
[BlackElo "1922"]
[PlyCount "103"]
[EventDate "2009.05.09"]
[EventType "swiss"]
[EventRounds "7"]
[EventCountry "BRA"]
[SourceTitle "EXT 2012"]
[Source "ChessBase"]
[SourceDate "2011.11.24"]
[SourceVersion "1"]
[SourceVersionDate "2011.11.24"]
[SourceQuality "1"]

1. e4 e5 2. Nf3 Nc6 3. Bb5 a6 4. Ba4 Nf6 5. 0-0 b5 6. Bb3 d6 7. c3 Na5 8. Bc2 c5 9. h3 Bb7 10. Re1 Be7 11. d4 cxd4 12. cxd4 Qc7 13. Nbd2 0-0 14. d5 Nc4 15. Nf1 Rac8 16. Bd3 Nb6 17. Bd2 Na4 18. Rb1 Nc5 19. Rc1 Qb8 20. Bb1 Nfxe4 21. Bxe4 Nxe4 22. Rxe4 Bxd5 23. Rxc8 Rxc8 24. Re1 Qc7 25. a3 f6 26. Ne3 Be6 27. Qe2 d5 28. Rc1 Qd7 29. Rxc8+ Qxc8 30. Qd1 d4 31. Nf1 Qc4 32. Ng3 Bd5 33. Qc1 g6 34. Qxc4 bxc4 35. Kf1 Kf7 36. Ne1 d3 37. Nf3 Ke6 38. Bc3 Bd6 39. Ke1 h6 40. Nf1 Bc5 41. Ne3 Bxe3 42. fxe3 Kf5 43. g4+ Ke6 44. Kf2 g5 45. Nd2 f5 46. e4 Bxe4 47. Nxe4 fxe4 48. Ke3 Kd5 49. a4 Ke6 50. Kxe4 Kd6 51. Bxe5+ Kc5 52. Bc3 1-0

[Event "Rio de Janeiro CXG op 03"]
[Site "Rio de Janeiro"]
[Date "2009.04.25"]
[Round "7"]
[White "Mendes, Jorge Alberto Dacal"]
[Black "Siqueira, Allan de Sousa"]
[Result "0-1"]
[WhiteElo "1853"]
[BlackElo "1922"]
[PlyCount "28"]
[EventDate "2009.03.07"]
[EventType "swiss"]
[EventRounds "7"]
[EventCountry "BRA"]
[SourceTitle "EXT 2012"]
[Source "ChessBase"]
[SourceDate "2011.11.24"]
[SourceVersion "1"]
[SourceVersionDate "2011.11.24"]
[SourceQuality "1"]

1. c4 e5 2. Nc3 Nf6 3. g3 c6 4. Bg2 d5 5. cxd5 cxd5 6. d3 h6 7. Qb3 Nc6 8. Nxd5 Be6 9. Nxf6+ Qxf6 10. Qxb7 Bb4+ 11. Kf1 0-0 12. Bxc6 Bc5 13. Bf3 Rab8 14. Qa6 Bh3+ 0-1

[Event "Rio de Janeiro CXG op 03"]
[Site "Rio de Janeiro"]
[Date "2009.04.16"]
[Round "6"]
[White "Siqueira, Allan de Sousa"]
[Black "Zacarias, Rodrigo Medeiros"]
[Result "0-1"]
[WhiteElo "1922"]
[BlackElo "2087"]
[PlyCount "78"]
[EventDate "2009.03.07"]
[EventType "swiss"]
[EventRounds "7"]
[EventCountry "BRA"]
[SourceTitle "EXT 2012"]
[Source "ChessBase"]
[SourceDate "2011.11.24"]
[SourceVersion "1"]
[SourceVersionDate "2011.11.24"]
[SourceQuality "1"]

1. d4 Nf6 2. c4 e6 3. Nf3 d5 4. e3 Nbd7 5. Nc3 Bb4 6. Bd2 0-0 7. Bd3 c5 8. 0-0 a6 9. cxd5 exd5 10. Rc1 c4 11. Bb1 Re8 12. Ne2 Bd6 13. Ng3 b5 14. Qc2 g6 15. Ne1 Nb6 16. f4 Ng4 17. Rf3 Qh4 18. h3 f5 19. Nf1 Nf6 20. Qd1 Ne4 21. Bxe4 dxe4 22. Rg3 Nd5 23. b3 cxb3 24. Rc6 Qe7 25. Qxb3 Be6 26. Qd1 Rec8 27. Rxc8+ Rxc8 28. h4 Qxh4 29. Rh3 Qg4 30. Qb1 Qe2 31. a4 b4 32. g3 Nc3 33. Bxc3 Rxc3 34. Rh2 Qc4 35. g4 Rc1 36. Nd2 Rxb1 37. Nxc4 Rxe1+ 38. Kf2 Rc1 39. Nxd6 Rc2+ 0-1

[Event "Rio de Janeiro CXG op 03"]
[Site "Rio de Janeiro"]
[Date "2009.03.28"]
[Round "4"]
[White "Siqueira, Allan de Sousa"]
[Black "Chaves, Jorge Antonio Torre"]
[Result "0-1"]
[WhiteElo "1922"]
[BlackElo "2067"]
[PlyCount "88"]
[EventDate "2009.03.07"]
[EventType "swiss"]
[EventRounds "7"]
[EventCountry "BRA"]
[SourceTitle "EXT 2012"]
[Source "ChessBase"]
[SourceDate "2011.11.24"]
[SourceVersion "1"]
[SourceVersionDate "2011.11.24"]
[SourceQuality "1"]

1. d4 Nf6 2. c4 c5 3. e3 cxd4 4. exd4 g6 5. Nf3 Bg7 6. Bd3 d5 7. b3 Nc6 8. Bb2 Nb4 9. 0-0 Nxd3 10. Qxd3 Bf5 11. Qe2 0-0 12. Re1 Re8 13. Nbd2 Rc8 14. Rad1 Qa5 15. a4 dxc4 16. bxc4 Qxa4 17. Nf1 Qxc4 18. Qxc4 Rxc4 19. Ne3 Rb4 20. Ba3 Rb3 21. Bc5 b6 22. Nxf5 gxf5 23. Bxe7 Nd5 24. Bd6 Re6 25. Rxe6 fxe6 26. h3 h6 27. Rc1 Rc3 28. Rxc3 Nxc3 29. Bb8 a6 30. Ba7 b5 31. Kf1 b4 32. Bc5 Bf8 33. Nd2 a5 34. Ke1 a4 35. Bb6 Nd5 36. Bc5 Nf4 37. Kd1 Nxg2 38. Kc2 Ne1+ 39. Kd1 Nd3 40. Bxf8 Kxf8 41. Ke2 Nf4+ 42. Ke3 Nxh3 43. Kd3 Nxf2+ 44. Kc4 Ne4 0-1

[Event "Rio de Janeiro CXG op 03"]
[Site "Rio de Janeiro"]
[Date "2009.03.21"]
[Round "3"]
[White "Machado, Wallace Fernandes"]
[Black "Siqueira, Allan de Sousa"]
[Result "0-1"]
[WhiteElo "1944"]
[BlackElo "1922"]
[PlyCount "58"]
[EventDate "2009.03.07"]
[EventType "swiss"]
[EventRounds "7"]
[EventCountry "BRA"]
[SourceTitle "EXT 2012"]
[Source "ChessBase"]
[SourceDate "2011.11.24"]
[SourceVersion "1"]
[SourceVersionDate "2011.11.24"]
[SourceQuality "1"]

1. e4 e5 2. Nf3 Nc6 3. Bc4 Bc5 4. 0-0 Nf6 5. Re1 Ng4 6. Re2 Nd4 7. Nxd4 Bxd4 8. c3 Qh4 9. h3 Bxf2+ 10. Rxf2 Qxf2+ 11. Kh1 Nf6 12. d4 exd4 13. cxd4 Nxe4 14. Nc3 Nxc3 15. bxc3 d5 16. Bxd5 c6 17. Qa4 Bd7 18. Bb3 Qe1+ 19. Kh2 Qxc3 20. Qc4 Qxc4 21. Bxc4 Be6 22. Bd3 0-0-0 23. Be3 Rhe8 24. Bf2 Kb8 25. a4 c5 26. Bg3+ Ka8 27. a5 Rxd4 28. Bb5 Bd7 29. Be2 Rxe2 0-1

[Event "Rio de Janeiro Rovedo op"]
[Site "Rio de Janeiro"]
[Date "2008.07.05"]
[Round "4"]
[White "Siqueira, Allan de Sousa"]
[Black "Machado, Wallace Fernandes"]
[Result "0-1"]
[WhiteElo "1931"]
[BlackElo "1946"]
[PlyCount "46"]
[EventDate "2008.06.14"]
[EventType "swiss"]
[EventRounds "7"]
[EventCountry "BRA"]
[SourceTitle "EXT 2009"]
[Source "ChessBase"]
[SourceDate "2008.11.26"]
[SourceVersion "1"]
[SourceVersionDate "2008.11.26"]
[SourceQuality "1"]

1. d4 d5 2. Bg5 c6 3. e3 Nd7 4. c4 Qa5+ 5. Nd2 dxc4 6. Ngf3 b5 7. a4 Qb6 8. Be2 Ngf6 9. 0-0 g6 10. e4 Bg7 11. Qc2 0-0 12. axb5 cxb5 13. d5 a6 14. Be3 Qd8 15. Nd4 Bb7 16. f4 Rc8 17. N2f3 Nc5 18. Nc6 Bxc6 19. Bxc5 Bxd5 20. exd5 Rxc5 21. Rxa6 Rxd5 22. b3 Qc8 23. Ra7 Qc5+ 0-1